Southville International School and Colleges
Your cart is empty.
  • Cart
  • Lists
    Public lists Eva Luna New books Lux_list list_1
    Your lists Log in to create your own lists
  • Log in to your account
  • Your cookies
  • Search history
Southville International School and Colleges
  • Advanced search
  • Recent comments
  • Most popular
  • Libraries

Log in to your account

Log in with GOOGLE


If you do not have an external account, but do have a local account, you can still log in:

  1. Home
  2. MARC view: Scholastic kid's almanac :
Normal view MARC view ISBD view

Scholastic kid's almanac : (Record no. 112229)

[ view plain ]
MARC details
000 -LEADER
fixed length control field 00531nam a2200193 a 4500
001 - CONTROL NUMBER
control field 3015
005 - DATE AND TIME OF LATEST TRANSACTION
control field 20140414131931.0
008 - FIXED-LENGTH DATA ELEMENTS--GENERAL INFORMATION
fixed length control field 060119s19uu xx 00 eng d
020 ## - INTERNATIONAL STANDARD BOOK NUMBER
International Standard Book Number 0-439-56078-0
050 ## - LIBRARY OF CONGRESS CALL NUMBER
Classification number REF 031.02
Item number P26 2004
100 ## - MAIN ENTRY--PERSONAL NAME
Personal name Pascoe, Elaine
245 ## - TITLE STATEMENT
Title Scholastic kid's almanac :
Statement of responsibility, etc by Elaine Pascoe.
Remainder of title facts, figures, and stats /
260 ## - PUBLICATION, DISTRIBUTION, ETC. (IMPRINT)
Place of publication, distribution, etc New York :
Name of publisher, distributor, etc Scholastic,
Date of publication, distribution, etc 1998.
300 ## - PHYSICAL DESCRIPTION
Extent 325 p. ; cm.
500 ## - GENERAL NOTE
General note Includes index.
650 ## - SUBJECT ADDED ENTRY--TOPICAL TERM
Topical term or geographic name as entry element Encyclopedias.
650 ## - SUBJECT ADDED ENTRY--TOPICAL TERM
Topical term or geographic name as entry element Trivias.
Holdings
Withdrawn status Lost status Damaged status Use restrictions Home library Current library Shelving location Date acquired Source of acquisition Cost, normal purchase price Total Checkouts Full call number Barcode Date last seen Price effective from Koha item type
        Munich Library Munich Library Reference Section 01/19/2006   295.00   REF 031.02 P26 2004 M3443 04/14/2014 04/14/2014 Books

Scholastic kid's almanac :

APA

Pascoe E., . (1998). Scholastic kid's almanac. New York: Scholastic.

Chicago

Pascoe Elaine, . 1998. Scholastic kid's almanac. New York: Scholastic.

Harvard

Pascoe E., . (1998). Scholastic kid's almanac. New York: Scholastic.

MLA

Pascoe Elaine, . Scholastic kid's almanac. New York: Scholastic. 1998.

  • Place hold
  • Print
  • Cite
  • Add to your cart (remove)
  • Save record
    BIBTEX Dublin Core MARCXML MARC (non-Unicode/MARC-8) MARC (Unicode/UTF-8) MARC (Unicode/UTF-8, Standard) MODS (XML) RIS
  • More searches
    Search for this title in:
    Other Libraries (WorldCat) Other Databases (Google Scholar) Online Stores (Bookfinder.com) Open Library (openlibrary.org)

Exporting to Dublin Core...

SOUTHVILLE LIBRARY

Southville International School and Colleges Library

1281 Tropical Ave. Cor. Luxembourg St., BF Homes International, Las Pinas City

Tel. No. 8256374 / 252358 Loc. 117/146

Powered by Koha